Tesla Car Models Worldwide 2024-25 - Statistics

General Stats
  • This quiz has been taken 582 times
    526 since last reset
  • The average score is 6 of 6
Answer Stats
Hint Answer % Correct
Midsize Crossover EV Model X
98%
Midsize Sedan EV Model S
97%
Compact Crossover EV Model Y
94%
Compact Sedan EV Model 3
93%
1/2 Ton Pickup EV Cybertruck
90%
Supercar Roadster
88%
No matching quizzes found
Score Distribution
Percent of People with Each Score
Percentile by Number Answered
Your Score History
You have not taken this quiz since the last reset